Spain 2018 World Cup Squad - Statistics

General Stats
  • This quiz has been taken 11 times
  • The average score is 13 of 23
Answer Stats
Squad Number Club Position Answer % Correct
1 Manchester United GK David De Gea
100%
21 Manchester City CAM David Silva
100%
15 Real Madrid CB Sergio Ramos
100%
22 Real Madrid CAM/LW Isco
91%
6 Vissel Kobe CM Andres Iniesta
82%
8 Atletico Madrid CM Koke
82%
19 Atletico Madrid ST Diego Costa
73%
3 Barcelona CB Gerard Pique
73%
18 Barcelona LB Jordi Alba
73%
2 Real Madrid RB Dani Carvajal
64%
17 Celta Vigo ST Iago Aspas
55%
13 Chelsea GK Kepa Arrizabalaga
55%
5 Barcelona CDM Sergio Busquets
55%
10 Bayern Munich CM Thiago
55%
14 Chelsea CB Cesar Azpilicueta
45%
11 Real Madid RW Lucas Vazquez
45%
16 Arsenal LB Nacho Monreal
45%
20 Real Madrid LW/CAM Marco Asensio
36%
7 Atletico Madrid CM Saul
36%
4 Real Madrid CB Nacho Fernandez
27%
9 Valencia ST Rodrigo
27%
23 A.C. Milan Pepe Reina
18%
12 Real Madrid RB Alvaro Odriozola
0%
No matching quizzes found
Score Distribution
Percent of People with Each Score
Percentile by Number Answered
Your Score History
You have not taken this quiz